000
00315nam a2200133Ia 4500
005
20251222140027.0
008
251222s1900||||xx |||||||||||||| ||spa||
082
_a
233.14/C75/2011
100
_a
Colao Granda, Antonio
245
0
_a
Caminos de Esperanza
250
_a
1a. ed.
264
_b
EME Digital
942
_c
LIB
999
_c
2836
_d
2836